[Event "CHN-chT (Women)"]
[Site "Hangzhou"]
[Date "2018.06.25"]
[Round "9.1"]
[White "Wang, Zhiyu"]
[Black "Zhang, Xiao"]
[Result "0-1"]
[WhiteElo "1664"]
[BlackElo "1945"]
[PlyCount "72"]
[EventDate "2018.06.19"]
[EventType "team-swiss"]
[EventRounds "9"]
[EventCountry "CHN"]
[SourceTitle "CBM 185 Extra"]
[Source "ChessBase"]
[SourceDate "2018.07.29"]
[SourceVersion "1"]
[SourceVersionDate "2018.07.29"]
[SourceQuality "1"]
[WhiteTeam "Shandong (W)"]
[BlackTeam "Jiangsu (W)"]
[WhiteTeamCountry "CHN"]
[BlackTeamCountry "CHN"]

1. d4 d5 2. c4 dxc4 3. Nf3 Nf6 4. Qa4+ Nbd7 5. Nc3 e6 6. e4 Be7 7. Bxc4 c6 8. Qc2 0-0 9. 0-0 a5 10. a4 b6 11. Rd1 Ba6 12. b3 Qc8 13. Bxa6 Qxa6 14. Ba3 Bxa3 15. Rxa3 Rfc8 16. Raa1 b5 17. e5 Nd5 18. Ne4 Nb4 19. Qd2 bxa4 20. bxa4 Nb6 21. Nc5 Qc4 22. Ng5 Rd8 23. Qf4 Rf8 24. Qe4 g6 25. Qh4 h5 26. g4 Qe2 27. h3 Kg7 28. Nge4 N4d5 29. Ng3 Qf3 30. gxh5 Nf4 31. Qf6+ Kg8 32. Kf1 Nbd5 33. Qg5 Qg2+ 34. Ke1 Qg1+ 35. Kd2 Qxf2+ 36. Kc1 Qe3+ 0-1

[Event "CHN-chT (Women)"]
[Site "Hangzhou"]
[Date "2018.06.19"]
[Round "1.3"]
[White "Wang, Zhiyu"]
[Black "Song, Yuxin"]
[Result "0-1"]
[WhiteElo "1664"]
[BlackElo "2182"]
[PlyCount "144"]
[EventDate "2018.06.19"]
[EventType "team-swiss"]
[EventRounds "9"]
[EventCountry "CHN"]
[SourceTitle "CBM 185 Extra"]
[Source "ChessBase"]
[SourceDate "2018.07.29"]
[SourceVersion "1"]
[SourceVersionDate "2018.07.29"]
[SourceQuality "1"]
[WhiteTeam "Shandong (W)"]
[BlackTeam "Beijing Beiao (W)"]
[WhiteTeamCountry "CHN"]
[BlackTeamCountry "CHN"]

1. d4 Nf6 2. c4 e6 3. g3 Bb4+ 4. Bd2 Be7 5. Nf3 d5 6. Bg2 0-0 7. 0-0 Nbd7 8. Qc2 c6 9. Rd1 b6 10. Ne5 Nxe5 11. dxe5 Nd7 12. f4 Ba6 13. cxd5 cxd5 14. Nc3 Rc8 15. Be3 b5 16. a3 Qc7 17. Rac1 Nb6 18. Bd4 Nc4 19. e4 Bc5 20. Qf2 Bxd4 21. Rxd4 Qb6 22. Rcd1 f6 23. exf6 gxf6 24. f5 Nxb2 25. Nxd5 Nxd1 26. Nxb6 Nxf2 27. Nxc8 Rxc8 28. Kxf2 Rc2+ 29. Kg1 Rc1+ 30. Kf2 Rc2+ 31. Kg1 Bc8 32. Rb4 a6 33. a4 bxa4 34. Rxa4 Rc1+ 35. Kf2 Rc2+ 36. Kg1 e5 37. Bf1 Rc6 38. Rc4 Rxc4 39. Bxc4+ Kf8 40. Kf2 Bb7 41. Ke3 Ke7 42. g4 Kd6 43. Kd3 a5 44. h4 h6 45. Bb3 Bc6 46. g5 hxg5 47. h5 Ke7 48. h6 Kf8 49. Ke3 a4 50. Bc4 g4 51. Ba2 a3 52. Bb3 Ba4 53. Bc4 Bc2 54. Ba2 g3 55. Kf3 Bxe4+ 56. Kxg3 Bxf5 57. Kf3 Bh7 58. Ke3 Bg8 59. Bb1 a2 60. h7 axb1Q 61. h8Q Qc1+ 62. Ke2 Qc4+ 63. Ke3 Qf4+ 64. Ke2 e4 65. Qh3 Bc4+ 66. Ke1 Qf1+ 67. Qxf1 Bxf1 68. Kxf1 f5 69. Ke2 f4 70. Kf2 Kf7 71. Ke2 Ke6 72. Kf2 Ke5 0-1

[Event "CHN Team (Women)"]
[Site "Beijing"]
[Date "2017.06.10"]
[Round "5.3"]
[White "Guo, Weibao"]
[Black "Wang, Zhiyu"]
[Result "1/2-1/2"]
[WhiteElo "1788"]
[BlackElo "1690"]
[PlyCount "131"]
[EventDate "2017.06.06"]
[EventType "team-swiss"]
[EventRounds "9"]
[EventCountry "CHN"]
[SourceTitle "CBM 178 Extra"]
[Source "ChessBase"]
[SourceDate "2017.06.22"]
[SourceVersion "1"]
[SourceVersionDate "2017.06.22"]
[SourceQuality "1"]
[WhiteTeam "Hebei (W)"]
[BlackTeam "Shandong (W)"]
[WhiteTeamCountry "CHN"]
[BlackTeamCountry "CHN"]

1. c4 g6 2. Nf3 Bg7 3. d4 d6 4. g3 c5 5. Nc3 cxd4 6. Nxd4 Nc6 7. Nxc6 bxc6 8. Bg2 Bb7 9. 0-0 Nf6 10. Qa4 Qd7 11. Rb1 0-0 12. Rd1 Qc7 13. b4 Rfb8 14. Bf4 Nh5 15. Bd2 Nf6 16. Rbc1 Nd7 17. Bf4 Be5 18. Be3 a6 19. Qc2 a5 20. a3 axb4 21. axb4 Ra3 22. Rd3 Rba8 23. h3 Bg7 24. f4 f5 25. Kh2 e5 26. Nb1 Rxd3 27. exd3 Ra1 28. Nc3 Ra8 29. b5 c5 30. Nd5 Qd8 31. Rb1 Nb6 32. Nf6+ Bxf6 33. Bxb7 Ra7 34. Bg2 Qb8 35. Bd2 Qd8 36. Re1 Kf7 37. Bc3 exf4 38. gxf4 Qh8 39. Bxf6 Qxf6 40. Qe2 Re7 41. Qxe7+ Qxe7 42. Rxe7+ Kxe7 43. Kg3 Kf6 44. h4 h5 45. Kf2 Ke6 46. Ke2 Kd7 47. Kd2 Kc7 48. Kc3 Nd7 49. Bd5 Nf8 50. Bf7 Kb6 51. Kb3 Kc7 52. Ka3 Kb7 53. Ka4 Kb6 54. Bg8 Nd7 55. Be6 Nf6 56. Bf7 Ng4 57. Bxg6 Ne3 58. Bxh5 Ng2 59. Bf7 Nxh4 60. Be6 Ng2 61. Bxf5 Nxf4 62. Kb3 Ne2 63. Bg4 Nd4+ 64. Ka4 Nc2 65. Bf5 Nd4 66. Be4 1/2-1/2

[Event "CHN Team (Women)"]
[Site "Beijing"]
[Date "2017.06.06"]
[Round "1.5"]
[White "Wang, Zhiyu"]
[Black "Liu, Shilan"]
[Result "1/2-1/2"]
[WhiteElo "1690"]
[BlackElo "2137"]
[PlyCount "96"]
[EventDate "2017.06.06"]
[EventType "team-swiss"]
[EventRounds "9"]
[EventCountry "CHN"]
[SourceTitle "CBM 178 Extra"]
[Source "ChessBase"]
[SourceDate "2017.06.22"]
[SourceVersion "1"]
[SourceVersionDate "2017.06.22"]
[SourceQuality "1"]
[WhiteTeam "Shandong (W)"]
[BlackTeam "Shenzhen (W)"]
[WhiteTeamCountry "CHN"]
[BlackTeamCountry "CHN"]

1. d4 Nf6 2. c4 e6 3. g3 Bb4+ 4. Bd2 Qe7 5. Bg2 Nc6 6. d5 Ne5 7. Qb3 a5 8. Nf3 exd5 9. Nxe5 Qxe5 10. cxd5 0-0 11. Nc3 c6 12. a3 Bc5 13. Bf4 Qe7 14. 0-0 cxd5 15. Nxd5 Nxd5 16. Qxd5 d6 17. Rfe1 Ra6 18. e4 Rb6 19. Qd2 Be6 20. e5 dxe5 21. Bxe5 Ra6 22. Rac1 Rc8 23. Bf4 Rd8 24. Qc2 Bd6 25. Bxd6 Raxd6 26. Red1 b6 27. Qe2 g6 28. Bf3 Qf6 29. b4 axb4 30. axb4 h5 31. h4 Kg7 32. Kg2 Bf5 33. Rxd6 Rxd6 34. Rd1 Re6 35. Qd2 Bh3+ 36. Kxh3 Qxf3 37. Re1 Rf6 38. Rf1 Kh7 39. Kh2 Rf5 40. Kg1 Rd5 41. Qe3 Qxe3 42. fxe3 Kg7 43. Rf4 Rd2 44. Kf1 Kf8 45. Rf6 b5 46. Rb6 Rd5 47. Rb7 Kg7 48. Rb6 Kf8 1/2-1/2